Films de 2h De Perdues par titres détournés - Statistiques

Statistiques générales
  • Ce quiz a été pris 329 fois
  • Le résultat moyen est 9 sur 25
Statistiques - réponses
Hint Réponse % Correct
Les petits de la brebis qui font pas trop de bruit Le silence des agneaux
68%
Les anges à Charlie Charlie's angels
67%
La guerre mondiale de la dernière lettre de l'alphabet World War Z
67%
La journée qui veut pas se terminer Un jour sans fin
66%
Celle là qui dirige le froid La reine des neiges
63%
Celui là qui vient de la jungle mais qui arrive dans l'urbanisation Un indien dans la ville
60%
L'aventure qui veut pas se terminer L'histoire sans fin
52%
Une demie centaine de reflets de çui ci qu'a un nom de couleur 50 nuances de Grey
50%
La plate bande de sable La plage
50%
Celle là qu'elle est jolie Pretty Woman
48%
Traquenard d'eau vive Piège en haute mer
42%
Celui là qui vient pas de notre planète Alien
32%
L'eau stagnante Lake Placid
30%
Nocif Toxic
30%
Cui ci qui vient d'l'Asie et à qui il arrive des bricoles là bas Les tribulations d'un chinois en Chine
26%
La grande évasion depuis la ville des anges Escape from LA
23%
L'impact de ceux là qui sont très fort (mais qui sont pas dans le film) Le choc des titans
18%
Ceux là dont les parents c'est pas l'enfer Les enfants du Paradis
18%
Le grand boom de là tout de suite Explosion imminente
14%
Ceux là qui sont mort contre ces autres là qui sont aussi mort Fantômes contre fantômes
14%
Turbo traquenard Piège à grande vitesse
13%
Celle là qu'est léthale Femme fatale
12%
Les bricoles qui arrivent à ceux là qu'ont fait la chose Les conséquences de l'amour
7%
Les valeurs de çui ci qui tue des gens Assassin's creed
5%
Le renouvellement du choc Double impact
5%
Aucun quiz correspondant
Distribution des résultats
% des personnes avec chaque résultat
Percentile par nombre de réponses
Votre historique - résultats
Vous n’avez pas pris ce quiz